| 000 | 00349nam a2200133Ia 4500 | ||
|---|---|---|---|
| 008 | 240624s9999 xx 000 0 und d | ||
| 041 | _aeng | ||
| 082 | _a658.4012 LAF | ||
| 100 | _aLAFLEY A G | ||
| 245 | _aPLAYING TO WIN HOW STRATEGY REALLY WORKS | ||
| 260 |
_c2013 _aBoston _bHarvard Business Review Press |
||
| 300 | _a272 : p. | ||
| 365 |
_cRS _b30 |
||
| 999 |
_c27141 _d27141 |
||